La institucionalización del comercio mundial: del GATT a la OMC /

El comercio mundial comenzó a expandirse desde finales del siglo XIX, mientras que su institucionalización ha seguido distintos derroteros. Se resalta la importancia de los cambios en el sistema monetario internacional (1944) y la ulterior creación de la primera Organización Internacional de Comerci...

Celý popis

Uloženo v:
Podrobná bibliografie
Hlavní autor: Lerman Alperstein, Aída
Médium: Text
Témata:
Tagy: Přidat tag
Žádné tagy, Buďte první, kdo vytvoří štítek k tomuto záznamu!

MARC

LEADER 00000 a a2200000 04500
001 3659
003
040
100 |a Lerman Alperstein, Aída  
245 |a La institucionalización del comercio mundial: del GATT a la OMC /  |c Aída Lerman Alperstein 
520 |a El comercio mundial comenzó a expandirse desde finales del siglo XIX, mientras que su institucionalización ha seguido distintos derroteros. Se resalta la importancia de los cambios en el sistema monetario internacional (1944) y la ulterior creación de la primera Organización Internacional de Comercio. Después, por poca influencia, fue sustituida por el Acuerdo General sobre Aranceles y Comercio. Tras las negociaciones de la Ronda de Uruguay, finalmente se conformó la Organización Mundial del Comercio, dicho proceso se examina en este texto  
650 |a COMERCIO  
773 |g volumen 58, número 2; páginas 135-143  
999 |c 38974  |d 38974